[Event "Oberliga Ost-B 0405"]
[Site "Germany"]
[Date "2005.03.13"]
[Round "9.4"]
[White "Foetsch, Daniel"]
[Black "Alber, Horst"]
[Result "1-0"]
[WhiteElo "2262"]
[BlackElo "2387"]
[PlyCount "109"]
[EventDate "2004.10.10"]
[EventType "team-tourn"]
[EventRounds "11"]
[EventCountry "GER"]
[SourceTitle "EXT 2006"]
[Source "ChessBase"]
[SourceDate "2005.11.24"]
[SourceVersion "1"]
[SourceVersionDate "2005.11.24"]
[SourceQuality "1"]
[WhiteTeam "Erfurt Empor"]
[BlackTeam "Schoeneck"]
[WhiteTeamCountry "GER"]
[BlackTeamCountry "GER"]

1. e4 c5 2. Nf3 e6 3. d4 cxd4 4. Nxd4 a6 5. Bd3 Qc7 6. 0-0 Nf6 7. Qe2 Bc5 8. Nb3 Ba7 9. e5 Nd5 10. Bd2 Nc6 11. c4 Nde7 12. Bc3 Ng6 13. Re1 Nf4 14. Qf3 Nxd3 15. Qxd3 b5 16. cxb5 axb5 17. Qxb5 Ba6 18. Qa4 0-0 19. N1d2 Qb6 20. Qh4 Bd3 21. Ne4 Bxe4 22. Rxe4 Bb8 23. Nd2 Qb5 24. Nf3 Qd5 25. a3 Bc7 26. Rg4 Kh8 27. Qg5 Rg8 28. Rh4 Qd3 29. Qh5 Bd8 30. Rh3 Qg6 31. Rd1 Qxh5 32. Rxh5 g6 33. Rh3 Ra7 34. Nd2 Kg7 35. Rd3 Be7 36. Ne4 Rd8 37. Kf1 Kf8 38. Ke2 Ke8 39. Rh3 h5 40. Rhd3 Rb8 41. R1d2 Rba8 42. f4 Rd8 43. Kf3 Kf8 44. g3 Ke8 45. Rd1 Rb8 46. R1d2 Rb3 47. h3 Rb8 48. g4 hxg4+ 49. hxg4 Bd8 50. Nc5 Ba5 51. b4 Bd8 52. Nxd7 Rc8 53. Bb2 Be7 54. Nf6+ Bxf6 55. exf6 1-0

[Event "Oberliga Ost-B 0405"]
[Site "Germany"]
[Date "2004.10.10"]
[Round "1.4"]
[White "Grossmann, Herbert"]
[Black "Foetsch, Daniel"]
[Result "1/2-1/2"]
[WhiteElo "2209"]
[BlackElo "2262"]
[PlyCount "123"]
[EventDate "2004.10.10"]
[EventType "team-tourn"]
[EventRounds "11"]
[EventCountry "GER"]
[SourceTitle "EXT 2006"]
[Source "ChessBase"]
[SourceDate "2005.11.24"]
[SourceVersion "1"]
[SourceVersionDate "2005.11.24"]
[SourceQuality "1"]
[WhiteTeam "Erfurt Medizin"]
[BlackTeam "Erfurt Empor"]
[WhiteTeamCountry "GER"]
[BlackTeamCountry "GER"]

1. d4 Nf6 2. c4 c5 3. d5 b5 4. cxb5 a6 5. b6 e6 6. Nc3 Nxd5 7. Nxd5 exd5 8. Qxd5 Nc6 9. Nf3 Rb8 10. Ne5 Qf6 11. Nxc6 dxc6 12. Qf3 Be7 13. Qf4 Rxb6 14. Qxf6 Bxf6 15. e3 0-0 16. Bc4 Rb4 17. Bb3 c4 18. Bd2 Rb5 19. Bxc4 Rxb2 20. Ba5 Be6 21. Bxe6 fxe6 22. a4 Rc2 23. Rd1 Ra2 24. 0-0 Rxa4 25. Bb6 Rb8 26. Bd4 Bxd4 27. Rxd4 Rxd4 28. exd4 Rd8 29. Rc1 Rxd4 30. Kf1 Rd6 31. Rc5 Kf7 32. Ra5 Rd7 33. Rxa6 Rc7 34. Ke2 Ke7 35. Kd3 Kd6 36. f4 Rb7 37. Kc3 Kd5 38. Ra5+ c5 39. Ra6 h6 40. Ra2 Rb4 41. Ra7 g5 42. fxg5 hxg5 43. Rg7 Rc4+ 44. Kd3 Rg4 45. g3 Rd4+ 46. Kc3 g4 47. Rg8 e5 48. Rg7 Ra4 49. Rg8 Rd4 50. Rg7 c4 51. Rg8 Rd3+ 52. Kc2 e4 53. Rxg4 Kd4 54. h4 Rf3 55. Rg8 Rf2+ 56. Kd1 c3 57. h5 Rh2 58. g4 c2+ 59. Kc1 Kd3 60. Rd8+ Kc3 61. Rc8+ Kd3 62. Rd8+ 1/2-1/2

[Event "Oberliga Ost-B 0203"]
[Site "Germany"]
[Date "2003.02.23"]
[Round "8.1"]
[White "Foetsch, Daniel"]
[Black "Lutz, Klaus Juergen"]
[Result "1-0"]
[WhiteElo "2276"]
[BlackElo "2316"]
[PlyCount "71"]
[EventDate "2002.10.20"]
[EventType "team"]
[EventRounds "11"]
[EventCountry "GER"]
[SourceTitle "EXT 2004"]
[Source "ChessBase"]
[SourceDate "2003.11.25"]
[SourceVersion "1"]
[SourceVersionDate "2003.11.25"]
[SourceQuality "1"]
[WhiteTeam "Erfurt Empor"]
[BlackTeam "Steinbach"]
[WhiteTeamCountry "GER"]
[BlackTeamCountry "GER"]

1. e4 c5 2. Nf3 d6 3. d4 cxd4 4. Nxd4 Nf6 5. Nc3 g6 6. f4 Nc6 7. Nxc6 bxc6 8. e5 Nd7 9. Qf3 dxe5 10. Bc4 Qb6 11. Bb3 e4 12. Nxe4 Bg7 13. Be3 Qa6 14. 0-0-0 0-0 15. g4 Rb8 16. Nc5 Nxc5 17. Bxc5 Qb7 18. Rhe1 Be6 19. f5 Bd5 20. Qf4 Bxb3 21. axb3 Rbe8 22. g5 f6 23. fxg6 hxg6 24. Qe4 Qb5 25. b4 fxg5 26. Qxg6 Qc4 27. Re4 Qa6 28. Kb1 Rd8 29. Rde1 Rf6 30. Qxg5 Rf1 31. Qg4 e5 32. Qe6+ Rf7 33. Rg4 Rd4 34. Bxd4 exd4 35. Qe8+ Rf8 36. Rxg7+ 1-0

[Event "Oberliga Ost-B 0203"]
[Site "Germany"]
[Date "2003.01.26"]
[Round "5.1"]
[White "Margolin, Boris"]
[Black "Foetsch, Daniel"]
[Result "1-0"]
[WhiteElo "2410"]
[BlackElo "2276"]
[PlyCount "53"]
[EventDate "2002.10.20"]
[EventType "team"]
[EventRounds "11"]
[EventCountry "GER"]
[SourceTitle "EXT 2004"]
[Source "ChessBase"]
[SourceDate "2003.11.25"]
[SourceVersion "1"]
[SourceVersionDate "2003.11.25"]
[SourceQuality "1"]
[WhiteTeam "Oberursel"]
[BlackTeam "Erfurt Empor"]
[WhiteTeamCountry "GER"]
[BlackTeamCountry "GER"]

1. Nf3 Nf6 2. d4 c5 3. d5 b5 4. Bg5 Ne4 5. Bh4 Qa5+ 6. Nbd2 Bb7 7. a4 Nxd2 8. Nxd2 Bxd5 9. axb5 Qc7 10. e4 Bb7 11. Bc4 d6 12. 0-0 Nd7 13. Bd5 g6 14. Qf3 e6 15. Bxb7 Qxb7 16. Qd3 Ne5 17. Qc3 Be7 18. Bxe7 Kxe7 19. f4 Nd7 20. Rad1 Qxb5 21. Nc4 Qc6 22. Nxd6 Nf6 23. e5 Nd5 24. Qg3 Kf8 25. c4 Ne7 26. Qh4 h6 27. Nxf7 1-0

[Event "Oberliga Ost-B 0203"]
[Site "Germany"]
[Date "2002.10.20"]
[Round "1.1"]
[White "Foetsch, Daniel"]
[Black "Gazic, Josip"]
[Result "0-1"]
[WhiteElo "2276"]
[BlackElo "2225"]
[PlyCount "62"]
[EventDate "2002.10.20"]
[EventType "team"]
[EventRounds "11"]
[EventCountry "GER"]
[SourceTitle "EXT 2004"]
[Source "ChessBase"]
[SourceDate "2003.11.25"]
[SourceVersion "1"]
[SourceVersionDate "2003.11.25"]
[SourceQuality "1"]
[WhiteTeam "Erfurt Empor"]
[BlackTeam "Kassel Hermania"]
[WhiteTeamCountry "GER"]
[BlackTeamCountry "GER"]

1. e4 e5 2. Nf3 d5 3. Nxe5 Bd6 4. d4 dxe4 5. Nc3 Nf6 6. Bg5 h6 7. Bh4 0-0 8. Bc4 Nc6 9. Bxf6 Qxf6 10. Nxe4 Qe7 11. f4 Nxe5 12. fxe5 Bxe5 13. 0-0 Bxh2+ 14. Kxh2 Qxe4 15. Qd2 Be6 16. Rf4 Qc6 17. Bd3 Rad8 18. Be4 Bd5 19. Bf5 Qd6 20. Kh1 c5 21. c3 Be6 22. Bc2 cxd4 23. Rxd4 Qg3 24. Rd1 Rxd4 25. Qxd4 b6 26. a4 Re8 27. Qe4 g6 28. Qc6 Re7 29. Be4 Bb3 30. Qf6 Re8 31. Qc6 Qh4+ 0-1

[Event "Oberliga Ost-A 0102"]
[Site "Germany"]
[Date "2002.01.20"]
[Round "5.1"]
[White "Foetsch, Daniel"]
[Black "Andre, Gordon"]
[Result "1-0"]
[WhiteElo "2271"]
[BlackElo "2325"]
[PlyCount "53"]
[EventDate "2001.10.07"]
[EventType "team"]
[EventRounds "11"]
[EventCountry "GER"]
[SourceTitle "EXT 2003"]
[Source "ChessBase"]
[SourceDate "2002.11.25"]
[SourceVersion "1"]
[SourceVersionDate "2002.11.25"]
[SourceQuality "1"]
[WhiteTeam "Erfurt Empor"]
[BlackTeam "Magdeburg Aufbau Elbe"]
[WhiteTeamCountry "GER"]
[BlackTeamCountry "GER"]

1. e4 e6 2. d4 d5 3. Nc3 Bb4 4. e5 c5 5. a3 Ba5 6. b4 cxd4 7. Nb5 Bc7 8. f4 Bd7 9. Nxd4 Ne7 10. Ngf3 a6 11. Bd3 Bb6 12. Qe2 Nbc6 13. Be3 Nxd4 14. Nxd4 Nc6 15. Nb3 d4 16. Bf2 g5 17. g3 Qe7 18. c3 0-0-0 19. Be4 gxf4 20. gxf4 d3 21. Qd2 Bxf2+ 22. Qxf2 f6 23. 0-0-0 fxe5 24. Rxd3 exf4 25. Rhd1 Ne5 26. Rd6 Nf7 27. Bxb7+ 1-0

[Event "Oberliga Ost-A 0102"]
[Site "Germany"]
[Date "2001.11.10"]
[Round "2.1"]
[White "Foetsch, Daniel"]
[Black "Karius, Thomas"]
[Result "0-1"]
[WhiteElo "2271"]
[BlackElo "2227"]
[PlyCount "60"]
[EventDate "2001.10.07"]
[EventType "team"]
[EventRounds "11"]
[EventCountry "GER"]
[SourceTitle "EXT 2003"]
[Source "ChessBase"]
[SourceDate "2002.11.25"]
[SourceVersion "1"]
[SourceVersionDate "2002.11.25"]
[SourceQuality "1"]
[WhiteTeam "Erfurt Empor"]
[BlackTeam "Dresden SC II"]
[WhiteTeamCountry "GER"]
[BlackTeamCountry "GER"]

1. d4 Nf6 2. Nc3 d5 3. Bg5 Nbd7 4. f3 c5 5. dxc5 e6 6. e4 Qa5 7. Qd2 dxe4 8. fxe4 Bxc5 9. Bd3 a6 10. 0-0-0 Ng4 11. Nh3 h6 12. Qe2 hxg5 13. Qxg4 Bd4 14. Ne2 Bf6 15. Kb1 Qb6 16. c3 Qe3 17. Qg3 Qxg3 18. Nxg3 b5 19. Nf2 Ne5 20. Be2 g6 21. h3 Bb7 22. Rd2 Rd8 23. Rhd1 Rxd2 24. Rxd2 Bd8 25. Kc2 Bc7 26. Nf1 Bb6 27. Bd3 Ke7 28. Ng3 Rd8 29. Ng4 Nxd3 30. Rxd3 Bc7 0-1

[Event "BL2-Ost 0001"]
[Site "Germany"]
[Date "2001.04.01"]
[Round "8.3"]
[White "Siepelt, Heiner"]
[Black "Foetsch, Daniel"]
[Result "1/2-1/2"]
[WhiteElo "2336"]
[BlackElo "2267"]
[PlyCount "100"]
[EventDate "2000.10.15"]
[EventType "team-tourn"]
[EventRounds "9"]
[EventCountry "GER"]
[SourceTitle "CBM 082 Extra"]
[Source "ChessBase"]
[SourceDate "2001.07.03"]
[SourceVersion "1"]
[SourceVersionDate "2001.07.03"]
[SourceQuality "1"]
[WhiteTeam "Wuerzburg"]
[BlackTeam "Erfurt Empor"]
[WhiteTeamCountry "GER"]
[BlackTeamCountry "GER"]

1. g3 g6 2. Bg2 Bg7 3. e4 c5 4. d3 Nc6 5. Nc3 e6 6. Be3 b6 7. f4 Nge7 8. e5 d6 9. Nf3 Bb7 10. exd6 Qxd6 11. 0-0 Nf5 12. Bf2 0-0 13. Qd2 Rfd8 14. Rad1 Qe7 15. b3 Ncd4 16. Ne4 Nxb3 17. axb3 Bxe4 18. g4 Nd4 19. Bxd4 Bxd4+ 20. Nxd4 Bxg2 21. Qxg2 cxd4 22. Rde1 Qc5 23. f5 exf5 24. gxf5 Rac8 25. Re2 Re8 26. Ref2 Re5 27. h4 Rc7 28. Qa8+ Qf8 29. Qg2 Qe8 30. Qg4 Rd7 31. fxg6 hxg6 32. Rf6 Rdd5 33. Rxf7 Qxf7 34. Rxf7 Kxf7 35. Qc8 Re7 36. Qh8 Rde5 37. Qh7+ Kf6 38. Qh8+ Kf5 39. Qh6 Re1+ 40. Kf2 R1e2+ 41. Kf1 Re1+ 42. Kf2 R7e2+ 43. Kf3 Re3+ 44. Kf2 R1e2+ 45. Kf1 Rxc2 46. Qg5+ Ke6 47. Qxg6+ Kd5 48. Qf5+ Kd6 49. Qf4+ Kd5 50. Qf5+ Kd6 1/2-1/2

[Event "BL2-Ost 0001"]
[Site "Germany"]
[Date "2001.01.28"]
[Round "5.3"]
[White "Foetsch, Daniel"]
[Black "Suran, Jan"]
[Result "1/2-1/2"]
[WhiteElo "2267"]
[BlackElo "2332"]
[PlyCount "41"]
[EventDate "2000.10.15"]
[EventType "team-tourn"]
[EventRounds "9"]
[EventCountry "GER"]
[SourceTitle "CBM 082 Extra"]
[Source "ChessBase"]
[SourceDate "2001.07.03"]
[SourceVersion "1"]
[SourceVersionDate "2001.07.03"]
[SourceQuality "1"]
[WhiteTeam "Erfurt Empor"]
[BlackTeam "Bamberg"]
[WhiteTeamCountry "GER"]
[BlackTeamCountry "GER"]

1. e4 c5 2. Nf3 e6 3. d4 cxd4 4. Nxd4 Nc6 5. Nxc6 bxc6 6. Bd3 Nf6 7. 0-0 d5 8. Nd2 Be7 9. b3 0-0 10. Bb2 a5 11. Qe2 a4 12. Nf3 Re8 13. Ne5 dxe4 14. Bxe4 Nxe4 15. Qxe4 Qd5 16. Qe3 Qb5 17. Rfd1 f6 18. Nc4 e5 19. Nd6 Bxd6 20. Rxd6 axb3 21. axb3 1/2-1/2

[Event "BL2-Ost 0001"]
[Site "Germany"]
[Date "2000.10.15"]
[Round "1.3"]
[White "Foetsch, Daniel"]
[Black "Kuczynski, Robert"]
[Result "0-1"]
[WhiteElo "2267"]
[BlackElo "2479"]
[PlyCount "62"]
[EventDate "2000.10.15"]
[EventType "team-tourn"]
[EventRounds "9"]
[EventCountry "GER"]
[SourceTitle "CBM 082 Extra"]
[Source "ChessBase"]
[SourceDate "2001.07.03"]
[SourceVersion "1"]
[SourceVersionDate "2001.07.03"]
[SourceQuality "1"]
[WhiteTeam "Erfurt Empor"]
[BlackTeam "Erfurt"]
[WhiteTeamCountry "GER"]
[BlackTeamCountry "GER"]

1. d4 d5 2. Nc3 Nf6 3. Bg5 Ne4 4. Nxe4 dxe4 5. Qd2 Qd5 6. Bf4 c5 7. e3 cxd4 8. Qxd4 Qa5+ 9. b4 e5 10. bxa5 exd4 11. exd4 Nc6 12. Bb5 Bd7 13. Ne2 Bb4+ 14. c3 Bxa5 15. 0-0 0-0 16. Rab1 Be6 17. Rfc1 Bb6 18. Rb2 Rfd8 19. Ng3 f5 20. Nf1 Rac8 21. Rbc2 h6 22. h4 Ne7 23. Ba4 Bc4 24. Bb3 Nd5 25. Be5 Ba5 26. Ne3 Nxe3 27. fxe3 Kh7 28. h5 b6 29. Ba4 b5 30. Bb3 Bxb3 31. axb3 g6 0-1

[Event "DLM-chT U20"]
[Site "Bad Homburg"]
[Date "2000.08.02"]
[Round "5.1"]
[White "Foetsch, Daniel"]
[Black "Duppel, Matthias"]
[Result "0-1"]
[WhiteElo "2267"]
[BlackElo "2376"]
[PlyCount "62"]
[EventDate "2000.07.29"]
[EventType "team-swiss"]
[EventRounds "7"]
[EventCountry "GER"]
[SourceTitle "EXT 2001"]
[Source "ChessBase"]
[SourceDate "2000.11.22"]
[SourceVersion "1"]
[SourceVersionDate "2000.11.22"]
[SourceQuality "1"]

1. d4 d5 2. Nc3 Nf6 3. Bg5 e6 4. e4 dxe4 5. Nxe4 Be7 6. Bxf6 gxf6 7. Qd2 a6 8. Nf3 b5 9. 0-0-0 Bb7 10. Nc3 Bxf3 11. gxf3 c6 12. Bh3 b4 13. Ne4 f5 14. Ng3 h5 15. Rhe1 h4 16. Nxf5 exf5 17. Qxb4 Kf8 18. Qb7 Nd7 19. Bxf5 Bg5+ 20. Kb1 Nb6 21. Qxc6 Rh6 22. Qc5+ Be7 23. Qa5 Rd6 24. Be4 Rb8 25. c3 Qd7 26. Qf5 Qxf5 27. Bxf5 Na4 28. Rd2 Nxc3+ 29. Ka1 Nb5 30. d5 Rf6 31. a4 Bb4 0-1

[Event "Oberliga Ost-B 9900"]
[Site "Germany"]
[Date "2000.04.09"]
[Round "11.2"]
[White "Foetsch, Daniel"]
[Black "Staller, Peter"]
[Result "0-1"]
[WhiteElo "2253"]
[BlackElo "2310"]
[PlyCount "76"]
[EventDate "1999.10.??"]
[EventType "team"]
[EventRounds "11"]
[EventCountry "GER"]
[SourceTitle "EXT 2002"]
[Source "ChessBase"]
[SourceDate "2001.11.25"]
[SourceVersion "1"]
[SourceVersionDate "2001.11.25"]
[SourceQuality "1"]

1. d4 Nf6 2. Nc3 d5 3. Bg5 e6 4. e4 dxe4 5. Nxe4 Be7 6. Bxf6 Bxf6 7. Nf3 Nd7 8. Qd2 0-0 9. 0-0-0 Be7 10. Bd3 b6 11. Qf4 Bb7 12. h4 Nf6 13. Nfg5 Nxe4 14. Bxe4 Bxe4 15. Nxe4 Qd5 16. Kb1 Rfd8 17. Rd3 Qf5 18. Qxf5 exf5 19. Nd2 Bf6 20. Nf3 Re8 21. Kc1 Re4 22. g3 Rae8 23. c3 h5 24. Kd1 c5 25. dxc5 bxc5 26. Re1 Rb8 27. Kc2 Rxe1 28. Nxe1 f4 29. Nf3 fxg3 30. fxg3 Re8 31. Kd2 Re4 32. Re3 Rg4 33. Nh2 Ra4 34. a3 Kf8 35. Kc2 g6 36. Kb3 Ra6 37. Kc4 Be7 38. Nf3 f6 0-1

[Event "Oberliga Ost-B 9900"]
[Site "Germany"]
[Date "2000.02.20"]
[Round "8.2"]
[White "Nedela, Vlastimil"]
[Black "Foetsch, Daniel"]
[Result "1/2-1/2"]
[WhiteElo "2405"]
[BlackElo "2253"]
[PlyCount "76"]
[EventDate "1999.10.??"]
[EventType "team"]
[EventRounds "11"]
[EventCountry "GER"]
[SourceTitle "EXT 2002"]
[Source "ChessBase"]
[SourceDate "2001.11.25"]
[SourceVersion "1"]
[SourceVersionDate "2001.11.25"]
[SourceQuality "1"]

1. e4 e6 2. d4 d5 3. exd5 exd5 4. c4 Nf6 5. Nc3 Be7 6. Nf3 0-0 7. Be2 Nbd7 8. h3 dxc4 9. Bxc4 Nb6 10. Bb3 c6 11. 0-0 Nbd5 12. a3 Re8 13. Re1 Bf8 14. Rxe8 Qxe8 15. Nxd5 Nxd5 16. Bxd5 cxd5 17. Qb3 Qd8 18. Bf4 Qb6 19. Qxb6 axb6 20. Rc1 Be7 21. g4 Kf8 22. Kg2 f6 23. Nd2 Bd7 24. Nf1 Bc6 25. Ne3 g6 26. Nf1 Ke8 27. h4 Kd7 28. Ng3 Ra4 29. Rd1 b5 30. h5 b4 31. hxg6 hxg6 32. axb4 Rxb4 33. Rd2 Ba4 34. Ne2 Rc4 35. Rd3 Rc2 36. Nc3 Bc6 37. Rd2 Rxd2 38. Bxd2 Ke6 1/2-1/2

[Event "Bundesliga 9899"]
[Site "Germany"]
[Date "1999.04.17"]
[Round "14.6"]
[White "Foetsch, Daniel"]
[Black "Dinstuhl, Volkmar"]
[Result "1-0"]
[WhiteElo "2233"]
[BlackElo "2410"]
[PlyCount "171"]
[EventDate "1998.10.17"]
[EventType "team-tourn"]
[EventRounds "15"]
[EventCountry "GER"]
[SourceTitle "GER-chT"]
[Source "ChessBase"]
[SourceDate "1999.07.01"]
[SourceVersion "1"]
[SourceVersionDate "1999.07.01"]
[SourceQuality "1"]
[WhiteTeam "Erfurt"]
[BlackTeam "Castrop Rauxel"]
[WhiteTeamCountry "GER"]
[BlackTeamCountry "GER"]

1. d4 Nf6 2. Nc3 d5 3. Bg5 c5 4. Bxf6 gxf6 5. e3 e6 6. Qh5 Nc6 7. Nge2 f5 8. 0-0-0 cxd4 9. exd4 Bd7 10. g4 fxg4 11. h3 gxh3 12. f4 Qf6 13. Bxh3 0-0-0 14. Kb1 Qg6 15. Qh4 Be7 16. Qf2 f5 17. Nc1 h5 18. N3e2 Kb8 19. Qe3 h4 20. Nd3 Rhg8 21. Rd2 Bc8 22. b3 Bf6 23. c3 Qf7 24. Kb2 b6 25. a4 Ba6 26. Ra1 Rc8 27. Rdd1 Na5 28. Rg1 Qd7 29. Rae1 Bc4 30. Ne5 Bxe5 31. Qxe5+ Kb7 32. Nc1 Bxb3 33. Rxg8 Nc4+ 34. Kxb3 Nxe5 35. Rxc8 Nf3 36. Re3 Nd2+ 37. Kc2 Nc4 38. Rxc4 dxc4 39. Bg2+ Ka6 40. a5 Kxa5 41. Re5+ Ka4 42. Kb2 Qd6 43. Bf3 b5 44. Bg2 Ka5 45. d5 exd5 46. Bxd5 h3 47. Bxc4 Qd2+ 48. Kb1 Qxc3 49. Rxb5+ Ka4 50. Rc5 Qb4+ 51. Bb3+ Ka3 52. Rc4 Qb5 53. Rc3 Qb8 54. Rxh3 a5 55. Kc2 Kb4 56. Rc3 Kb5 57. Nd3 Qh8 58. Rc5+ Kb6 59. Rxf5 Qd4 60. Rd5 Qe4 61. Re5 Qg2+ 62. Kc3 Qc6+ 63. Bc4 Qa4 64. f5 Qa1+ 65. Kd2 Qd4 66. Be6 Qh4 67. Bd5 Qh2+ 68. Re2 Qh6+ 69. Kc3 Qh8+ 70. Re5 Kb5 71. Bc4+ Kb6 72. Kb3 Qh1 73. Rb5+ Ka6 74. f6 Ka7 75. f7 Qd1+ 76. Kc3 Qa1+ 77. Kd2 Qf6 78. Bd5 Ka6 79. Bc4 Ka7 80. Ke3 Qh6+ 81. Kd4 Qf6+ 82. Ne5 Qd6+ 83. Rd5 Qf6 84. Rd7+ Kb6 85. Bd5 Qf5 86. Rd8 1-0

[Event "Oberliga Ost-A 9899"]
[Site "Germany"]
[Date "1999.??.??"]
[Round "?"]
[White "Foetsch, Daniel"]
[Black "Kregelin, Jan"]
[Result "1-0"]
[WhiteElo "2170"]
[BlackElo "2195"]
[PlyCount "103"]
[EventDate "1998.10.??"]
[EventType "team"]
[EventRounds "11"]
[EventCountry "GER"]
[SourceTitle "EXT 2000"]
[Source "ChessBase"]
[SourceDate "1999.11.16"]
[SourceVersion "1"]
[SourceVersionDate "1999.11.16"]
[SourceQuality "1"]

1. e4 c6 2. d4 d5 3. Nc3 dxe4 4. Nxe4 Nd7 5. Bc4 Ngf6 6. Ng5 e6 7. Qe2 Nb6 8. Bb3 c5 9. dxc5 Bxc5 10. N1f3 Qc7 11. 0-0 0-0 12. Ne4 Nxe4 13. Qxe4 Nd7 14. c3 b6 15. Bc2 Nf6 16. Qh4 Be7 17. Bf4 Qc5 18. Be5 Rd8 19. Bxf6 Bxf6 20. Qxh7+ Kf8 21. Be4 Rb8 22. Rfd1 Ba6 23. Nd4 Bxd4 24. Rxd4 Qe5 25. Rad1 Ke7 26. Qh4+ g5 27. Qg3 Qxg3 28. hxg3 Bb5 29. Rxd8 Rxd8 30. Rxd8 Kxd8 31. f4 Ke7 32. fxg5 Be8 33. Kf2 Kd6 34. Ke3 Ke5 35. c4 Bd7 36. b4 Bc8 37. a3 Ba6 38. c5 bxc5 39. bxc5 Bb5 40. g4 Ba4 41. g3 Be8 42. Bf3 Bb5 43. Be4 Be8 44. c6 Kd6 45. Kf4 a6 46. g6 fxg6 47. Kg5 Bxc6 48. Bxc6 Kxc6 49. Kxg6 e5 50. Kf5 Kd5 51. g5 e4 52. g6 1-0

[Event "GER-chJMF"]
[Site "Neumuenster"]
[Date "1999.??.??"]
[Round "?"]
[White "Foetsch, Daniel"]
[Black "Sanner, Dennis"]
[Result "1-0"]
[WhiteElo "2233"]
[BlackElo "2253"]
[PlyCount "71"]
[EventDate "1999.??.??"]
[EventType "swiss"]
[EventRounds "7"]
[EventCountry "GER"]
[SourceTitle "EXT 2000"]
[Source "ChessBase"]
[SourceDate "1999.11.16"]
[SourceVersion "1"]
[SourceVersionDate "1999.11.16"]
[SourceQuality "1"]

1. e4 c5 2. Nf3 e6 3. d4 cxd4 4. Nxd4 Nf6 5. Bd3 Nc6 6. Nxc6 bxc6 7. 0-0 d5 8. Nd2 Qc7 9. Qe2 Nd7 10. Re1 Nc5 11. exd5 cxd5 12. Bb5+ Bd7 13. Bxd7+ Qxd7 14. b3 Bd6 15. Bb2 0-0 16. c4 d4 17. Bxd4 Bxh2+ 18. Kxh2 Qxd4 19. Nf3 Qd6+ 20. Kg1 Rfd8 21. Rad1 Qb6 22. Rxd8+ Rxd8 23. Rd1 Kf8 24. b4 Nb7 25. a3 Rxd1+ 26. Qxd1 Qd6 27. Qc2 Nd8 28. c5 Qd7 29. Qc4 Qd5 30. Qa6 e5 31. Qxa7 e4 32. Nh2 f5 33. b5 f4 34. c6 Qxb5 35. c7 Qd7 36. Qc5+ 1-0

[Event "GER-chJMF"]
[Site "Neumuenster"]
[Date "1999.??.??"]
[Round "?"]
[White "Grafl, Florian"]
[Black "Foetsch, Daniel"]
[Result "1-0"]
[WhiteElo "2258"]
[BlackElo "2233"]
[PlyCount "31"]
[EventDate "1999.??.??"]
[EventType "swiss"]
[EventRounds "7"]
[EventCountry "GER"]
[SourceTitle "EXT 2000"]
[Source "ChessBase"]
[SourceDate "1999.11.16"]
[SourceVersion "1"]
[SourceVersionDate "1999.11.16"]
[SourceQuality "1"]

1. e4 e6 2. d4 d5 3. Nc3 Nf6 4. Bg5 Be7 5. e5 Nfd7 6. h4 c5 7. Bxe7 Qxe7 8. Nf3 0-0 9. Bd3 f5 10. dxc5 Nc6 11. Qe2 Qxc5 12. Nb5 d4 13. 0-0-0 Ndxe5 14. Nbxd4 Nxd3+ 15. Qxd3 Bd7 16. Nb3 1-0

[Event "Markkleeberger op 2nd"]
[Site "Markkleeberg"]
[Date "1998.04.16"]
[Round "3"]
[White "Vogt, Lothar"]
[Black "Foetsch, Daniel"]
[Result "1-0"]
[WhiteElo "2510"]
[BlackElo "2165"]
[PlyCount "79"]
[EventDate "1998.04.15"]
[EventType "swiss"]
[EventRounds "7"]
[EventCountry "GER"]
[SourceTitle "EXT 2021"]
[Source "ChessBase"]
[SourceDate "2020.10.23"]
[SourceVersion "1"]
[SourceVersionDate "2020.10.23"]
[SourceQuality "1"]

1. e4 e6 2. d4 d5 3. Nc3 Bb4 4. e5 c5 5. a3 Ba5 6. dxc5 Bxc3+ 7. bxc3 Qc7 8. Nf3 Nd7 9. Bb5 Ne7 10. 0-0 0-0 11. Re1 Nxc5 12. a4 Bd7 13. Ba3 Bxb5 14. axb5 Rfc8 15. Qe2 Ng6 16. c4 Ne4 17. cxd5 exd5 18. Rac1 Qd7 19. Bb2 Nf4 20. Qf1 Qg4 21. Bd4 Rc4 22. Be3 Nh3+ 23. Kh1 Rc3 24. Ng1 Rxe3 25. Nxh3 Nd2 26. Qg1 Rc3 27. f3 Qc4 28. Qf2 Rxc2 29. Rxc2 Qxc2 30. Nf4 Rd8 31. e6 fxe6 32. Nxe6 Rd7 33. Qxa7 Qc8 34. Qd4 Nb3 35. Qe3 Na5 36. Ng5 Rd8 37. Qd3 g6 38. Qd4 Nb3 39. Qf6 Qc7 40. h3 1-0

[Event "GER-ch U20"]
[Site "Schierke"]
[Date "1998.??.??"]
[Round "9"]
[White "Foetsch, Daniel"]
[Black "Kritz, Leonid"]
[Result "1/2-1/2"]
[WhiteElo "2165"]
[BlackElo "2185"]
[PlyCount "93"]
[EventDate "1998.??.??"]
[EventType "tourn"]
[EventRounds "9"]
[EventCountry "GER"]
[SourceTitle "EXT 1999"]
[Source "ChessBase"]
[SourceDate "1998.11.16"]
[SourceVersion "1"]
[SourceVersionDate "1998.11.16"]
[SourceQuality "1"]

1. e4 d6 2. d4 Nf6 3. Nc3 g6 4. f4 Bg7 5. Nf3 0-0 6. Bd3 Nbd7 7. 0-0 c5 8. d5 e6 9. dxe6 fxe6 10. f5 gxf5 11. exf5 Nb6 12. fxe6 Bxe6 13. Qe1 Qd7 14. Ng5 Bc4 15. Bxc4+ Nxc4 16. Qe6+ Qxe6 17. Nxe6 Rf7 18. Nxg7 Kxg7 19. b3 Nb6 20. Ba3 Re8 21. Rad1 Re6 22. Rd3 Nfd7 23. Rfd1 Nc8 24. Bb2 Kf8 25. h3 a6 26. a4 Nf6 27. Bc1 Ke8 28. g4 Kd7 29. Rf1 Rg7 30. Kg2 Kc6 31. Rdf3 Nd7 32. Rf7 Re7 33. Rxg7 Rxg7 34. Kg3 d5 35. Re1 Rg6 36. g5 h6 37. h4 hxg5 38. h5 Rh6 39. Kg4 Nd6 40. Bxg5 Nf6+ 41. Bxf6 Rxf6 42. Re5 d4 43. Ne4 Nxe4 44. Rxe4 Rf2 45. Kg3 Rxc2 46. h6 Rc3+ 47. Kg2 1/2-1/2

[Event "Oberliga Ost B 9798"]
[Site "Germany"]
[Date "1998.??.??"]
[Round "?.3"]
[White "Foetsch, Daniel"]
[Black "Nothnagel, Holger"]
[Result "0-1"]
[WhiteElo "2170"]
[BlackElo "2285"]
[PlyCount "50"]
[EventDate "1997.09.??"]
[EventType "team"]
[EventRounds "11"]
[EventCountry "GER"]
[SourceTitle "EXT 1999"]
[Source "ChessBase"]
[SourceDate "1998.11.16"]
[SourceVersion "1"]
[SourceVersionDate "1998.11.16"]
[SourceQuality "1"]

1. d4 Nf6 2. Nc3 d5 3. Bg5 Nbd7 4. f3 c6 5. Qd2 e6 6. e4 dxe4 7. fxe4 Bb4 8. Bd3 e5 9. a3 Qa5 10. Rd1 Be7 11. Nf3 h6 12. Be3 Ng4 13. Bg1 exd4 14. Bxd4 0-0 15. Qf4 Nc5 16. b4 Ne6 17. Qxg4 Qxa3 18. e5 Nxd4 19. Qxd4 Bxb4 20. Qe4 Bxc3+ 21. Nd2 g6 22. Qf4 Qc5 23. Qxh6 Qxe5+ 24. Kf1 Bg4 25. Nf3 Qf6 0-1